000 00637nam a2200193Ii 4500
003 JO-AjNU
008 230606s9999||||xx |||||||||||||| ||und||
040 _aJO-AjNU
_beng
_erda
_cJO-AjNU
041 _aeng
050 1 4 _aHG1708.7.2019
100 3 _aGHARAIBEH, MALIK KHLAIF,
_eauthor
_96324
245 0 2 _aA CONCEPTUAL FRAMEWORK FOR INTENTION TO USE MOBILE BANKING SERVICES: A STUDY FROM JORDAN
264 3 1 _aMALAYSIA: UNIVERSITI SAINS، 2019
300 _a326P
336 _atext
_btxt
_2rdacontent
337 _aunmediated
_bn
_2rdamedia
338 _avolume
_bnc
_2rdacarrier
650 4 _aBanks and banking -- Computer networks
_96325
999 _aE3280
_c3276
_d3276